| 000 | 00563nam a2200193Ia 4500 | ||
|---|---|---|---|
| 005 | 20250508155404.0 | ||
| 008 | 008 250505s9999 xx 000 0 eng d | ||
| 037 | _aBooks to be hide in OPAC | ||
| 040 |
_aFEDL _beng _cFEDL |
||
| 041 |
_aeng _2eng |
||
| 084 |
_a305, KLU/O _qFEDL |
||
| 100 |
_aKluckhohn Florence _9134181 |
||
| 245 | 0 | _aMan,society, and social order | |
| 260 |
_aSt. Louis, USA _bMcGraw-Hill Book Company _c1965 |
||
| 300 | _a50p. | ||
| 700 |
_a Kluckhohn Clyde _9766948 |
||
| 942 |
_cHB _h305, KLU/O |
||
| 999 |
_c1356402 _d1356402 |
||